000
00497nam a2200181Ia 4500
008
090124s9999 xx 000 0 und d
082
_b
24605
_a
2559
100
_a
कालेलकर मधुसूदन
245
_a
मधुघट
250
_a
1
260
_c
1985
300
_a
200
600
_a
कालेलकर मधुसूदन
630
_a
मधुघट
700
_a
कालेलकर मधुसूदन
730
_a
मधुघट
942
_c
BOOK
999
_c
138156
_d
138156